100 Emmy & Character Names Comedy Actress Quiz Stats

 Plays Quiz not verified by Sporcle

Score 0/100 Timer 15:00
0 Plays Today
% Correct
Tina
88.7%
Amy
87.7%
Sarah Jessica
87.6%
Jennifer
87.2%
Mary
86.8%
Roseanne
86.8%
Agent
86.4%
Julia
86.1%
Christina
85.1%
Bea
84.6%
Lucille
84.6%
Carrie
83.8%
Debra
83.8%
America
82.3%
Felicity
82.3%
Kirstie
82%
Edie
81.2%
Melissa
81.2%
Sarah
80.4%
Candice
80.1%
Helen
80.1%
Clair
78.7%
Blanche
78.6%
Roseanne
78.6%
Murphy
78.2%
Kimmy
77.4%
Laura
77.4%
Lucy
77.4%
Liz
77.1%
Phylicia
77%
Betty
76.7%
Rachel
75.9%
Jenna
75.7%
Rue
74.1%
% Correct
Barbara
73.3%
Edith
73.3%
Patricia
72.9%
Mary-Louise
71.1%
Jane
71.1%
Shelley
70.3%
Toni
69.9%
Rose
69.5%
Diane
68.8%
Jane
65.5%
Debra
65.4%
Jean
65%
Delta
63.8%
Suzanne
62.6%
Valerie
62.4%
Marlo
60.4%
Dorothy
60.2%
Grace
59.4%
Rhoda
59%
Agnes
57.9%
Elizabeth
57%
Laura
56.8%
Ellie
55.7%
Samantha
55.7%
Mary
55.3%
Louise
54.5%
Bree
53.2%
Eve
51.9%
Rebecca
50.8%
Jamie
50%
Linda
49.8%
Selina
48.5%
Betty
48.1%
Isabel
47.7%
% Correct
Nell
47.7%
Marcia
47.2%
Maude
45.5%
Suzanne
44.3%
Jackie
41.7%
Shirley
41.4%
Edna
40%
Jill
40%
Nanette
39.8%
Barbara
39.6%
Bonnie
39.6%
Loretta
37.6%
Carol
36.5%
Lynette
35.7%
Hope
34.2%
Jane
28.6%
Blair
27.7%
Piper
27.7%
Simka
26.7%
Lucy
25.6%
Ruth
25.2%
Pamela
23.8%
Molly Bickford
23%
Nancy
21.7%
Christine
20.7%
Ann
20%
Emily
20%
Cathryn
16.9%
Allie
16.5%
Mary
15.8%
Molly
13.2%
Sam
4.3%

You're not logged in!

Compare scores with friends on all Sporcle quizzes.
OR
Log In

Show Comments

Extras

Top Quizzes Today


Score Distribution

Your Account Isn't Verified!

In order to create a playlist on Sporcle, you need to verify the email address you used during registration. Go to your Sporcle Settings to finish the process.

Report this User

Report this user for behavior that violates our Community Guidelines.

Details: